LEADER 01359nam 2200349 n 450 001 996383648603316 005 20200824120518.0 035 $a(CKB)1000000000599049 035 $a(EEBO)2240953690 035 $a(UnM)99866412e 035 $a(UnM)99866412 035 $a(EXLCZ)991000000000599049 100 $a19940404d1656 uy | 101 0 $alat 135 $aurbn||||a|bb| 200 10$aTherapeutica sacra, seu, De curandis casibus conscientić circa regenerationem, per f?derum divinorum prudentem applicationem$hLibri tres$b[electronic resource] /$fAuthore Davide Dicsono SS. Theologić Professore in Academia Edinburgena 210 $aLondini, $cImpensis Societatis Stationariorum$d1656 215 $a[8], 369, [3] p 300 $aAnnotation on Thomason copy: "7ber [i.e. September] 15". 300 $aReproduction of the original in the British Library. 330 $aeebo-0018 606 $aRegeneration (Theology)$vEarly works to 1800 615 0$aRegeneration (Theology) 700 $aDickson$b David$f1583?-1663.$01001956 801 0$bCu-RivES 801 1$bCu-RivES 801 2$bCStRLIN 801 2$bWaOLN 906 $aBOOK 912 $a996383648603316 996 $aTherapeutica sacra, seu, De curandis casibus conscientić circa regenerationem, per f?derum divinorum prudentem applicationem$92382153 997 $aUNISA LEADER 01893nam 2200421Ia 450 001 996387203503316 005 20200818221200.0 035 $a(CKB)4940000000085271 035 $a(EEBO)2240925592 035 $a(OCoLC)ocm33150797e 035 $a(OCoLC)33150797 035 $a(EXLCZ)994940000000085271 100 $a19950918d1603 uy | 101 0 $aeng 135 $aurbn||||a|bb| 200 10$aBy the King$b[electronic resource] $ewhereas wee are giuen to vnderstand, that since our entrie into this kingdome many of our subiects of our realme of Scotland, and some also of England ... doe not obserue our lawes, but to the intent to defraud vs of our sayd customes, doe goe with their goods and merchandizes ouer the Fells .. 210 $aImprinted at London $cBy Robert Barker, Printer to the Kings most Excellent Maiestie$dAnno 1603 215 $a1 sheet ([1] p.) 300 $aOther title information from first 9 lines of text. 300 $aLine 1 of text ends "into." 300 $aContains woodcut initial possibly illustrating Cain and Abel. 300 $a"Giuen vnder our hand at Wilton, the fourth day of November, in the first yeere of our Reigne of England, France and Ireland, and the seuen and thirtieth of Scotland." 300 $aReproduction of original in: Society of Antiquaries. 330 $aeebo-0147 606 $aSmuggling$zGreat Britain$vEarly works to 1800 606 $aCustoms administration$zGreat Britain$vEarly works to 1800 607 $aGreat Britain$xHistory$yJames I, 1603-1625 608 $aBroadsides$zLondon (England)$y17th century.$2rbgenr 615 0$aSmuggling 615 0$aCustoms administration 701 $aJames$cKing of England,$f1566-1625.$01001019 801 0$bEBK 801 1$bEBK 801 2$bWaOLN 906 $aBOOK 912 $a996387203503316 996 $aBy the King$92299281 997 $aUNISA LEADER 01920nam 2200505I 450 001 9910707157803321 005 20160610083432.0 035 $a(CKB)5470000002461919 035 $a(OCoLC)948197201 035 $a(EXLCZ)995470000002461919 100 $a20160428j199801 ua 0 101 0 $aeng 135 $aurbn||||||||| 181 $ctxt$2rdacontent 182 $cc$2rdamedia 183 $acr$2rdacarrier 200 10$aMultimodal perception and multicriterion control of nested systems$hI$iCoordination of postural control and vehicular control /$fGary E. Riccio and P. Vernon McDonald 210 1$aHouston, Texas :$cNational Aeronautics and Space Administration, Lyndon B. Johnson Space Center,$dJanuary 1998. 215 $a1 online resource (v, 66 pages) $cillustrations 225 1 $aNASA/TP ;$v3703 300 $aTitle from title screen (viewed April 28, 2016). 300 $a"January 1998." 300 $a"Performing organization: Lyndon B. Johnson Space Center, Houston, Texas"--Report documentation page. 320 $aIncludes bibliographical references (pages 44-66). 517 3 $aCoordination of postural control and vehicular control 606 $aEcosystems$2nasat 606 $aAircraft control$2nasat 606 $aSystems engineering$2nasat 606 $aPosture$2nasat 606 $aCoordination$2nasat 615 7$aEcosystems. 615 7$aAircraft control. 615 7$aSystems engineering. 615 7$aPosture. 615 7$aCoordination. 700 $aRiccio$b Gary Edward$f1954-$01398069 702 $aMcDonald$b P. Vernon$f1961- 712 02$aLyndon B. Johnson Space Center, 712 02$aUnited States.$bNational Aeronautics and Space Administration, 801 0$bGPO 801 1$bGPO 906 $aBOOK 912 $a9910707157803321 996 $aMultimodal perception and multicriterion control of nested systems$93460668 997 $aUNINA LEADER 04433nam 2200817 450 001 9910797918003321 005 20200801001852.0 010 $a1-78238-971-7 024 7 $a10.1515/9781782389712 035 $a(CKB)3710000000577233 035 $a(EBL)4004030 035 $a(SSID)ssj0001623147 035 $a(PQKBManifestationID)16359368 035 $a(PQKBTitleCode)TC0001623147 035 $a(PQKBWorkID)14820961 035 $a(PQKB)11662568 035 $a(MiAaPQ)EBC4004030 035 $a(DE-B1597)637481 035 $a(DE-B1597)9781782389712 035 $a(EXLCZ)993710000000577233 100 $a20160301h20162016 uy 0 101 0 $aeng 135 $aur|n|---||||| 181 $ctxt$2rdacontent 182 $cc$2rdamedia 183 $acr$2rdacarrier 200 00$aCycling and recycling $ehistories of sustainable practices /$fedited by Ruth Oldenziel and Helmuth Trischler 210 1$aNew York ;$aOxford, [England] :$cBerghahn,$d2016. 210 4$d©2016 215 $a1 online resource 225 1 $aEnvironment in History: International Perspectives ;$vVolume 7 300 $aDescription based upon print version of record. 311 $a1-78238-970-9 320 $aIncludes bibliographical references and index. 327 $aContents; List of Figures; How Old Technologies Became Sustainable: An Introduction; Part I - Cycling Histories; Chapter 1 - Use and Cycling in West Africa; Chapter 2 - The Politics of Bicycle Innovation: Comparing the American and Dutch Human-Powered Vehicle Movements, 1970s-Present; Chapter 3 - Scarcity, Poverty, Exclusion: Negative Associations of the Bicycle's Uses and Cultural History in France; Chapter 4 - Who Pays, Who Benefits? Bicycle Taxes as Policy Tool, 1890-2012; Chapter 5 - Monuments of Unsustainability: Planning, Path Dependence, and Cycling in Stockholm 327 $aPart II - IntersectionsChapter 6 - Bicycling and Recycling in Japan: Divergent Trajectories; Part III - Recycling Histories; Chapter 7 - Premodern Sustainability? The Secondhand and Repair Trade in Urban Europe; Chapter 8 - Waste to Assets: How Household Waste Recycling Evolved in West Germany; Chapter 9 - Ecological Modernization of Waste-Dependent Development? Hungary's 2010 Red Mud Disaster; Chapter 10 - The Scramble for Digital Waste in Berlin; Part IV - Reflections; Chapter 11 - Can History Offer Pathways to Sustainability?; Chapter 12 - History, Sustainabiliity, and Choice 330 $aTechnology has long been an essential consideration in public discussions of the environment, with the focus overwhelmingly on creating new tools and techniques. In more recent years, however, activists, researchers, and policymakers have increasingly turned to mobilizing older technologies in their pursuit of sustainability. In fascinating case studies ranging from the Early Modern secondhand trade to utopian visions of human-powered vehicles, the contributions gathered here explore the historical fortunes of two such technologies?bicycling and waste recycling?tracing their development over time and providing valuable context for the policy successes and failures of today. 410 0$aEnvironment in history ;$vv. 7. 606 $aCycling$xHistory 606 $aCycling$xEnvironmental aspects 606 $aRecycling (Waste, etc.)$xHistory 606 $aRecycling (Waste, etc.)$xEnvironmental aspects 606 $aSustainability 610 $aactivists. 610 $abicycling and waste recycling. 610 $acontext for policy today. 610 $aexploration of bicycling. 610 $aexploration of waste recycling. 610 $ahistorical. 610 $amobilizing older technologies. 610 $apolicymakers. 610 $apublic discussions of environment. 610 $apursuit of sustainability. 610 $aresearchers. 610 $atracing development. 615 0$aCycling$xHistory. 615 0$aCycling$xEnvironmental aspects. 615 0$aRecycling (Waste, etc.)$xHistory. 615 0$aRecycling (Waste, etc.)$xEnvironmental aspects. 615 0$aSustainability. 676 $a363.72/8209 686 $aZO 4340$2rvk 702 $aOldenziel$b Ruth$f1958- 702 $aTrischler$b Helmuth 801 0$bMiAaPQ 801 1$bMiAaPQ 801 2$bMiAaPQ 906 $aBOOK 912 $a9910797918003321 996 $aCycling and recycling$93837013 997 $aUNINA LEADER 02034nas 2200613- 450 001 9910141861603321 005 20211024213021.0 011 $a2052-4439 035 $a(OCoLC)868950283 035 $a(CKB)2670000000416036 035 $a(CONSER)--2014261004 035 $a(DE-599)ZDB2736454-9 035 $a(MiAaPQ)2040972 035 $a(EXLCZ)992670000000416036 100 $a20140124a20139999 --- - 101 0 $aeng 135 $aur||||||||||| 181 $ctxt$2rdacontent 182 $cc$2rdamedia 183 $acr$2rdacarrier 200 00$aBMJ open respiratory research 210 1$aLondon :$cBMJ Publishing Group Ltd & British Thoracic Society,$d[2013]- 215 $a1 online resource 300 $aRefereed/Peer-reviewed 517 1 $aOpen respiratory research 517 1 $aBMJ open resp res 531 $aBMJ OPEN RESPIR RES 606 $aRespiratory therapy$vPeriodicals 606 $aRespiratory organs$xDiseases$vPeriodicals 606 $aRespiratory organs$xDiseases$xTreatment$vPeriodicals 606 $aRespiratory organs$xDiseases$2fast$3(OCoLC)fst01095766 606 $aRespiratory organs$xDiseases$xTreatment$2fast$3(OCoLC)fst01095790 606 $aRespiratory therapy$2fast$3(OCoLC)fst01095819 606 $aRespiratory Tract Diseases 606 $aRespiratory Therapy 608 $aPeriodicals.$2fast 608 $aFulltext. 608 $aInternet Resources. 608 $aPeriodicals. 608 $aPeriodical. 615 0$aRespiratory therapy 615 0$aRespiratory organs$xDiseases 615 0$aRespiratory organs$xDiseases$xTreatment 615 7$aRespiratory organs$xDiseases. 615 7$aRespiratory organs$xDiseases$xTreatment. 615 7$aRespiratory therapy. 615 12$aRespiratory Tract Diseases. 615 12$aRespiratory Therapy. 712 02$aBritish Thoracic Society, 712 02$aBMJ Publishing Group, 906 $aJOURNAL 912 $a9910141861603321 996 $aBMJ open respiratory research$92327843 997 $aUNINA LEADER 03482nam 22006732 450 001 9910970783803321 005 20151005020624.0 010 $a1-139-36617-3 010 $a1-107-23050-0 010 $a1-280-64762-0 010 $a9786613633675 010 $a1-139-37873-2 010 $a1-139-06132-1 010 $a1-139-37587-3 010 $a1-139-37730-2 010 $a1-139-37188-6 010 $a1-139-38016-8 035 $a(CKB)2550000000103349 035 $a(EBL)880749 035 $a(OCoLC)794327749 035 $a(SSID)ssj0000654412 035 $a(PQKBManifestationID)11401712 035 $a(PQKBTitleCode)TC0000654412 035 $a(PQKBWorkID)10660649 035 $a(PQKB)11196830 035 $a(UkCbUP)CR9781139061322 035 $a(MiAaPQ)EBC880749 035 $a(Au-PeEL)EBL880749 035 $a(CaPaEBR)ebr10565096 035 $a(CaONFJC)MIL363367 035 $a(EXLCZ)992550000000103349 100 $a20110414d2012|||| uy| 0 101 0 $aeng 135 $aur||||||||||| 181 $ctxt$2rdacontent 182 $cc$2rdamedia 183 $acr$2rdacarrier 200 14$aThe art of biography in Antiquity /$fTomas Ha?gg 205 $a1st ed. 210 1$aCambridge :$cCambridge University Press,$d2012. 215 $a1 online resource (xv, 496 pages) $cdigital, PDF file(s) 300 $aTitle from publisher's bibliographic system (viewed on 05 Oct 2015). 311 08$a1-107-01669-X 320 $aIncludes bibliographical references and index. 327 $aProlegomena on biography modern and ancient -- 1. In the beginning was Xenophon: memoir, encomium, romance -- 2. Hellenistic theory and practice: fragments of industry -- 3. Popular heroes: the slave, the king, the poet -- 4. The Gospels: from sayings to a full life -- 5. Political biography at Rome: a new start -- 6. Plutarch and his Parallel Lives: ethical biography -- 7. Ways of life: philosophers and holy men -- Epilogue on ancient and Christian biography. 330 $aGreek and Roman biography embraces much more than Plutarch, Suetonius and their lost Hellenistic antecedents. In this book Professor Ha?gg explores the whole range and diversity of ancient biography, from its Socratic beginnings to the Christian acquisition of the form in late antiquity. He shows how creative writers developed the lives of popular heroes like Homer, Aesop and Alexander and how the Christian gospels grew from bare sayings to full lives. In imperial Rome biography flourished in the works of Greek writers: Lucian's satire, Philostratus' full sophistic orchestration, Porphyry's intellectual portrait of Plotinus. Perhaps surprisingly, it is not political biography or the lives of poets that provide the main artery of ancient biography, but various kinds of philosophical, spiritual and ethical lives. Applying a consistent biographical reading to a representative set of surviving texts, this book opens up the manifold but often neglected art of biography in classical antiquity. 606 $aClassical biography$xHistory and criticism 606 $aBiography as a literary form 615 0$aClassical biography$xHistory and criticism. 615 0$aBiography as a literary form. 676 $a880.9/35 686 $aHIS000000$2bisacsh 700 $aHa?gg$b Tomas$0398374 801 0$bUkCbUP 801 1$bUkCbUP 906 $aBOOK 912 $a9910970783803321 996 $aArt of biography in Antiquity$9264372 997 $aUNINA